LIBRARY ONLINE CATALOGUE

Molecular theory of solutions / (Record no. 3612)

MARC details
000 -LEADER
fixed length control field 00632nam a22002172 4500
001 - CONTROL NUMBER
control field 0000012793
005 - DATE AND TIME OF LATEST TRANSACTION
control field 20151217145857.0
008 - FIXED-LENGTH DATA ELEMENTS--GENERAL INFORMATION
fixed length control field 090320s xx 000 0 eng d
020 ## - INTERNATIONAL STANDARD BOOK NUMBER
International Standard Book Number 0199299706 :
040 ## - CATALOGING SOURCE
Original cataloging agency KABU
Transcribing agency KABU
100 1# - MAIN ENTRY--PERSONAL NAME
Personal name Ben-Naim, Arieh.
-- 0000169729
245 10 - TITLE STATEMENT
Title Molecular theory of solutions /
Statement of responsibility, etc. Arieh Ben-Naim.
250 ## - EDITION STATEMENT
Edition statement 1st ed.
260 ## - PUBLICATION, DISTRIBUTION, ETC. (IMPRINT)
Place of publication, distribution, etc. Oxford :
Name of publisher, distributor, etc. O. U. P.,
Date of publication, distribution, etc. 2006.
300 ## - PHYSICAL DESCRIPTION
Extent xvii, 380 p.
650 #0 - SUBJECT ADDED ENTRY--TOPICAL TERM
Topical term or geographic name as entry element Solutions (Chemistry)
-- 0000169730
650 #0 - SUBJECT ADDED ENTRY--TOPICAL TERM
Topical term or geographic name as entry element Molecular theory.
-- 0000154303
852 1# - LOCATION
-- p3862.50 KES
908 ## - PUT COMMAND PARAMETER (RLIN)
Put command parameter 090320
950 ## - LOCAL HOLDINGS (RLIN)
-- 1
Holdings
Withdrawn status Lost status Source of classification or shelving scheme Not for loan Home library Current library Date acquired Total Checkouts Full call number Barcode Date last seen Price effective from Koha item type
    Library of Congress Classification   Kabarak, Main Campus Kabarak, Main Campus 17/12/2015   QD541 .B46 2006 c. 1 16816 17/12/2015 17/12/2015 General Collection